|
|
|
|
| LEADER |
00000nab a2200000 a 4500 |
| 001 |
vtls009470345 |
| 003 |
SK-MaSNL |
| 005 |
20260304151148.0 |
| 008 |
250506c1974 xo |r|p|||||||000 b|slo |
| 015 |
|
|
|a SNBRB1974
|
| 035 |
|
|
|a (uuid)5f2a4057-a414-4a77-a840-fb2b5175d268
|
| 035 |
|
|
|a urn:nbn:sk:snk-ab1src
|
| 035 |
|
|
|a (urnnbn)urn:nbn:sk:snk:ar-a00los
|
| 038 |
|
|
|a SNKBUCL
|
| 040 |
|
|
|a SNKBUCL
|b slo
|c SNKBUCL
|e AACR2
|
| 041 |
0 |
|
|a slo
|
| 044 |
|
|
|a xo
|c SK
|
| 080 |
|
|
|a 792.9.079
|2 1997
|
| 100 |
1 |
|
|a Kusková, Jana
|4 aut
|9 929558
|
| 245 |
1 |
0 |
|a Súťaž liptovských bábkárov
|c Jana Kusková
|
| 611 |
2 |
7 |
|a Okresná súťaž bábkárskych súborov
|d (1974 :
|c Liptovský Hrádok, Slovensko)
|2 snkbucl
|9 1472438
|
| 773 |
0 |
|
|t Javisko
|g Roč. 6, č. 4 (1974), s. 113
|
| 850 |
|
|
|a Slovenská národná knižnica
|
| 852 |
|
|
|a Slovenská národná knižnica
|
| 954 |
|
|
|a odborná, vedecká literatúra pôvodná (slovenská)
|2 lita
|
| 958 |
|
|
|a article27
|
| 958 |
|
|
|a OND
|
| 958 |
|
|
|a SK
|
| 958 |
|
|
|a EUIPO
|
| 999 |
|
|
|c 2941913
|d 2943843
|